000 01332nam a22002177a 4500
005 20250801111807.0
010 _aB-774375-400 25BACHN25
020 _c495.00
_a9788198383150
035 _aB-774375-400
037 _bपैंसी बुक्स
082 _a000
245 _aहिंदी साहित्य प्रशानोत्तर रूप मे /
_c एन एन ओझा द्वारा संपादित
250 _a1
260 _aनॉएडा
_bक्रॉनिकल पब्लिकेशन प्रा. लि.
_c2024
270 _aA-27 डी, सेक्टर-16,
_bनोएडा
_e201301
300 _a436,पृ.
_c26 सेमी (अजिल्द)
500 _a16 वर्ष आईएएस मुख्य परीक्षा अध्यायवार हल प्रशन-पत्र 2009-2024
700 _aओझा ,एन एन
_983566
942 _2ddc
_cHN
_h000
_mहिंदीसा
999 _c210103
_d210103